| 000 | 00904cad a22002175a 4500 | ||
|---|---|---|---|
| 001 | E153786 | ||
| 008 | 110830s2011 xxk f 000 0 eng d | ||
| 035 | _a(Sirsi) u153786 | ||
| 041 | 0 | _aeng | |
| 245 | 0 | 4 |
_aThe state of Scotland's soil _h[electronic resource] |
| 260 |
_a[S.l.] _bNatural Scotland _c2011 |
||
| 520 | _aDiscusses the processes and mechanisms that affect the state of the soil, their effect on soil functions, and the consequences for the environment, the economy and society. Also looks at possible management responses. | ||
| 590 | _aKA | ||
| 651 | 4 |
_aScotland _y1999- |
|
| 690 | _aBUILT ENVIRONMENT-BUILDING MATERIALS-NON CEMENTITIOUS MATERIALS-NATURAL SOILS | ||
| 700 | 1 | _aDobbie, K. E. | |
| 700 | 1 | _aBruneau, P. M. C. | |
| 700 | 1 | _aTowers, W. | |
| 856 | 4 | 0 |
_uhttps://www.sepa.org.uk/land/land_publications.aspx _zView the report free of charge at www.sepa.org.uk |
| 942 | _n0 | ||
| 999 |
_c112698 _d112698 |
||